Spieler mit den meisten Champions-League-Siegen (Top 15) - Statistiken

Allgemein
  • Dieses Quiz wurde 129 mal gespielt
  • Das Durchschnittsergebnis liegt bei 7 aus 15
Antwortstatistiken
Anzahl Antwort % Korrekt
5 Cristiano Ronaldo
97%
6 Toni Kroos
93%
6 Luka Modrić
91%
5 Karim Benzema
80%
6 Daniel Carvajal
69%
5 Gareth Bale
68%
5 Casemiro
60%
5 Marcelo
55%
6 Nacho Fernández
33%
5 Lucas Vázquez
32%
5 Isco
30%
5 Paolo Maldini
16%
5 Alfredo di Stéfano
14%
6 Paco Gento
7%
5 Alessandro Costacurta
3%
Keine übereinstimmenden Quizze gefunden
Verteilung der Resultate
Anzahl Personen mit jedem Resultat
Perzentil nach korrekt beantworteten Fragen
Ihre Resultats-Entwicklung
Sie haben dieses Quiz noch nicht gespielt